| 000 | 01232nam a2200325Ia 4500 | ||
|---|---|---|---|
| 001 | ebr10659159 | ||
| 003 | CaPaEBR | ||
| 006 | m u | ||
| 007 | cr cn||||||||| | ||
| 008 | 100107s2010 nyua sb 001 0 eng d | ||
| 020 | _z9781616686185 | ||
| 020 | _z9781616685201 | ||
| 040 |
_aCaPaEBR _cCaPaEBR |
||
| 035 | _a(OCoLC)704434268 | ||
| 050 | 1 | 4 |
_aT174.7 _b.A483 2010eb |
| 082 | 0 | 4 |
_a620/.5 _222 |
| 245 | 0 | 0 |
_aAdvances in nanotechnology _h[electronic resource] . _nVolume 4 / _cE.J. Chen and N. Peng, editors. |
| 260 |
_aNew York : _bNova Science Publishers, _cc2010- |
||
| 300 |
_axiii, 284 p. : _bill. (some col.). |
||
| 490 | 0 |
_aAdvances in nanotechnolgy series ; _vv. 4 |
|
| 504 | _aIncludes bibliographical references and index. | ||
| 533 |
_aElectronic reproduction. _bPalo Alto, Calif. : _cebrary, _d2013. _nAvailable via World Wide Web. _nAccess may be limited to ebrary affiliated libraries. |
||
| 650 | 0 | _aNanotechnology. | |
| 650 | 0 | _aNanoscience. | |
| 655 | 7 |
_aElectronic books. _2local |
|
| 700 | 1 | _aChen, E. J. | |
| 700 | 1 | _aPeng, N. | |
| 710 | 2 | _aebrary, Inc. | |
| 856 | 4 | 0 |
_uhttp://site.ebrary.com/lib/rucke/Doc?id=10659159 _zAn electronic book accessible through the World Wide Web; click to view |
| 999 |
_c166303 _d166303 |
||